CURRICULUM:THEORY AND PRACTICE IN KENYA (Record no. 168197)

MARC details
000 -LEADER
fixed length control field 00585nam a2200193Ia 4500
003 - CONTROL NUMBER IDENTIFIER
control field OSt
005 - DATE AND TIME OF LATEST TRANSACTION
control field 20250902105845.0
020 ## - INTERNATIONAL STANDARD BOOK NUMBER
International Standard Book Number 0-19-572775-4
040 ## - CATALOGING SOURCE
Transcribing agency LC
050 ## - LIBRARY OF CONGRESS CALL NUMBER
Classification number LB1564 .K 4 S 55 1992
Item number 5
100 ## - MAIN ENTRY--PERSONAL NAME
Personal name SHIUNDU ,JOHN S.
245 #0 - TITLE STATEMENT
Title CURRICULUM:THEORY AND PRACTICE IN KENYA
260 ## - PUBLICATION, DISTRIBUTION, ETC.
Place of publication, distribution, etc. NAIROBI,
Name of publisher, distributor, etc. OXFORD UNIVERSITY PRESS,
Date of publication, distribution, etc. 1992,
300 ## - PHYSICAL DESCRIPTION
Extent XiV, 365 P, ILL
500 ## - GENERAL NOTE
General note INCLUDES BIBLIOGRAPHICAL REFERENCES AND INDEX
650 ## - SUBJECT ADDED ENTRY--TOPICAL TERM
Topical term or geographic name entry element Education-Curricula-Kenya, Curriculum planning-Kenya, Education-Curricula
700 ## - ADDED ENTRY--PERSONAL NAME
Personal name OMULANDO, SILAS J
942 ## - ADDED ENTRY ELEMENTS (KOHA)
Koha item type Long Loan Book
Source of classification or shelving scheme Library of Congress Classification
Suppress in OPAC No
Holdings
Withdrawn status Lost status Source of classification or shelving scheme Damaged status Not for loan Collection Home library Current library Shelving location Date acquired Inventory number Total checkouts Full call number Barcode Date last seen Copy number Price effective from Koha item type
    Library of Congress Classification     Arts & Social Sciences Kisii University Library Kisii University Library On Display 09/15/2023 19252   LB 1564 .K4 S55 1992 043949 09/15/2023 7 09/15/2023 Long Loan Book
    Library of Congress Classification     Arts & Social Sciences Kisii University Library Kisii University Library On Display 09/02/2025 19249   LB 1564 . K 4 S 55 1992 046203 09/02/2025 5 09/02/2025 Long Loan Book
    Library of Congress Classification     Arts & Social Sciences Kisii University Library Kisii University Library On Display 09/02/2025 19250   LB 1564 . K 4 S 55 1992   09/02/2025   09/02/2025 Long Loan Book